000 00467nam a2200145Ia 4500
008 090124s9999 xx 000 0 und d
082 _b402196
245 _a अलिबाबा आणि चाळीस चोर
250 _a1
260 _bचित्तरंजन.
_c1986
300 _a35
630 _a अलिबाबा आणि चाळीस चोर
730 _a अलिबाबा आणि चाळीस चोर
942 _cBOOK
999 _c198656
_d198656